Coping with stress [

Bibliographic Details
Format: Book
Published: Hunstville, Texas : Educational Video Network , .n.d
Subjects:

MARC

LEADER 00000cam a2200000 7i4500
001 0000021955
005 20080628.0
040 |a INS 
090 0 0 |a VCD 159 
245 0 0 |a Coping with stress [  |h video disc] 
260 |a Hunstville, Texas :   |b Educational Video Network ,   |c .n.d 
300 |a 1 Video disc (VHS) (15 min.) :   |b sd., col. ;   |c 4 3/4 in. 
500 |a Also available in VHS format: VHS 1078 
650 0 0 |a Stress(Psyhology) 
999 |a VCD0000159   |b VIDEO CD   |c Media Collection   |e Default branch